| Tag |
First Indicator |
Second Indicator |
Subfields |
| LEADER |
00000cam a2200000 a 4500 |
| 001 |
in00000072709 |
| 005 |
20151008054610.0 |
| 008 |
811218s1981 nyuac b 00010 eng |
| 010 |
|
|
|a 80066525
|
| 020 |
|
|
|a 0896591956
|
| 020 |
|
|
|a 0896591565 (pbk.)
|
| 035 |
|
|
|a (OCoLC)07883037
|
| 035 |
|
|
|9 AAJ1129AM
|
| 039 |
0 |
|
|a 2
|b 3
|c 3
|d 3
|e 3
|
| 040 |
|
|
|a DLC
|c DLC
|d TXA
|d UtOrBLW
|
| 043 |
|
|
|a e-ne---
|
| 049 |
|
|
|a TXAM
|c [932910]
|
| 050 |
0 |
0 |
|a ND653.V5
|b S5
|
| 082 |
0 |
|
|a 759.9492
|2 19
|
| 100 |
1 |
|
|a Slatkes, Leonard J.
|
| 245 |
1 |
0 |
|a Vermeer and his contemporaries /
|c by Leonard J. Slatkes.
|
| 264 |
|
1 |
|a New York :
|b Abbeville Press,
|c [1981]
|
| 264 |
|
4 |
|c ©1981
|
| 300 |
|
|
|a 158 pages, 2 unnumbered pages :
|b color illustrations, portraits ;
|c 29 cm.
|
| 336 |
|
|
|a text
|b txt
|2 rdacontent
|
| 337 |
|
|
|a unmediated
|b n
|2 rdamedia
|
| 338 |
|
|
|a volume
|b nc
|2 rdacarrier
|
| 504 |
|
|
|a Bibliography: page [160].
|
| 600 |
1 |
0 |
|a Vermeer, Johannes,
|d 1632-1675.
|
| 650 |
|
0 |
|a Painting, Dutch
|y 17th century.
|
| 999 |
|
|
|a MARS
|
| 999 |
f |
f |
|s 618deb63-e120-33c6-b7b0-cce0c796bd00
|i 4516f105-9327-3968-bfe9-5fadbcca3e03
|t 0
|
| 952 |
f |
f |
|p normal
|a Texas A&M University
|b College Station
|c Sterling C. Evans Library
|d Evans: Library Stacks
|t 0
|e ND653.V5 S5
|h Library of Congress classification
|i unmediated -- volume
|m A14806170004
|
| 998 |
f |
f |
|a ND653.V5 S5
|t 0
|l Evans: Library Stacks
|